000 00441nam a2200157Ia 4500
008 240729s9999 xx 000 0 und d
022 _a2795-6644
245 0 _aPassage
260 _aBelgium
260 _bHasselt University
650 _a History of scholarship and learning. The humanities
650 _aFine Arts | General Works
856 _uhttps://doaj.org/toc/cec82b1421f74754bfbd5e8ec8492442
942 _2ddc
942 _cDOAJEJ
999 _c69505
_d69505
945 _a1
_bMadushi Gamage
_c1
_dMadushi Gamage